| 000 | 00412nam a2200133Ia 4500 | ||
|---|---|---|---|
| 008 | 151015s9999 xx 000 0 und d | ||
| 050 | _aPL 8703.5 .W34 1999 | ||
| 245 | _aWafula, R. M. | ||
| 250 | _a_Uhakiki wa Tamthilia Historia na Maendeleo Yake | ||
| 300 | _aNairobi Jomo Kenyatta Foundation 1999 | ||
| 500 | _aincludes index | ||
| 650 | _a_Kiswahili drama criticism | ||
| 700 | _a^d20110112 08:53:01^okorir | ||
| 999 |
_c437 _d437 |
||